1754 1177 1880 1490 1875 1093 1143 1671 1636 1313 1664 1842 1358 1944 1677 1336 1373 1517 1314 1990 1065 1331 1306 1447 1667 1344 1674 1115 1141 1817 1485 1249 1666 1110 1774 1169 1182 1048 1502 1429 1256 1500 1960 1962 1675 1920 1931 1018 1936 1577 1228 1549 1247 1899 1092 1919 1100 1278 1033 1161 1018 1868 1250 1545 1014 1895 1869 1654 1040 1866 1880 1481 1202 1040 2000 1944 1283 1967 1698 1719 1634 1956 1056 1620 1162 1229 1269 1021 1470 1708 1264 1487 1463 1080 1965 1874 1412 1101 1439 BCNSPRNW ULIB Ver.6.0+V

เปลี่ยนเป็นภาษาไทย

Change to English
 แสดงรายละเอียดบรรณานุกรม
  กลับหน้าหลัก

Brief Record : Get Marc (ISO 2709) : E-mail record : QR code < ปิดหน้าต่าง
LEADER : 00000nam 2200000uu 4500
001    13399112687
003     ULIB
008    110220s2552||||th 000 0 tha d
099    วจ.QU160^bจ531ค
100 0  จิราจันทร์ คณฑา
245 00 ความพึงพอใจในภาพลักษณ์ และการใช้ผลิตภัณฑ์อาหารและยา เพื่อควบคุมน้ำหนักในนักศึกษาพยาบาล/^cจิราจันทร์ คณฑา
260    นครสวรรค์:^bวิทยาลัยพยาบาลบรมราชชนนี สวรรค์ประชารักษ์ นครสวรรค์,^c2552
300    63 หน้า
650  7 ผลิตภัณฑ์เสริมอาหาร^xวิจัย
650  7 การควบคุมน้ำหนัก^xวิจัย
710 2  กระทรวงสาธารณสุข.^bสถาบันพระบรมราชนก.^bวิทยาลัยพยาบาลบรมราชชนนี สวรรค์ประชารักษ์ นครสวรรค์.
945    ^p0^l0^i027788
995    ทศพร
999 ^a ใช้งานได้ทุกระบบ
รายการนี้ยังไม่มีแท็ก
คุณยังไม่ได้ล็อกอิน คุณสามารถมีกิจกรรมร่วมกับเว็บไซต์ได้ แต่ต้องล็อกอินก่อน ::
  ล็อกอิน

รายการสื่อสารสนเทศ

ลำดับที่ ประเภท เลขเรียก/บาร์โค้ด สถานที่ สถานะ
- ไม่พบข้อมูล -

รายการใกล้เคียง
    ผู้แต่ง [จิราจันทร์ คณฑา]

BibComment


ยังไม่เคยถูกคอมเมนท์

คอมเมนท์ทรัพยากรรายการนี้
  คอมเมนท์: ความพึงพอใจในภาพล..


 Copyright 2026. Bcnsprnw @Library